|
|
|
|
| LEADER |
00000nab a2200000 a 4500 |
| 001 |
vtls000548467 |
| 003 |
SK-MaSNL |
| 005 |
20260305021606.0 |
| 008 |
140507c1995 xo 0 slo |
| 015 |
|
|
|a SNBRB19rr/mm-uuuuu
|
| 035 |
|
|
|a CL0548605
|
| 040 |
|
|
|a SNKBUCL
|b slo
|c SNKBUCL
|e AACR2
|
| 041 |
0 |
|
|a slo
|
| 044 |
|
|
|a xo
|c SK
|
| 080 |
|
|
|a 792.5
|2 1981
|
| 100 |
1 |
|
|a Glocková, Mária,
|d 1952-
|4 aut
|9 253916
|
| 245 |
1 |
0 |
|a Úspešná Luisa Miller
|b Druhé slovenské uvedenie po tridsiatich rokoch
|c Mária Glocková
|
| 300 |
|
|
|b Fotogr. 1
|
| 600 |
1 |
7 |
|a Verdi, Giuseppe,
|d 1813-1901
|t Luisa Miller
|2 snkbucl
|9 29400
|
| 610 |
2 |
7 |
|a Štátna opera Banská Bystrica
|2 snkbucl
|9 32008
|
| 650 |
0 |
7 |
|a opery
|2 snkbucl
|9 3214
|
| 655 |
|
7 |
|a recenzie
|2 snkbucl
|9 21907
|
| 655 |
|
7 |
|a články z novín a časopisov
|2 snkbucl
|9 267496
|
| 773 |
0 |
|
|t Kultúrny život
|g Roč. 29, č. 4 (1995), s. 12
|
| 850 |
|
|
|a Slovenská národná knižnica v Martine
|a MTA001
|
| 852 |
|
|
|a SNK
|b KIS3GCP
|
| 992 |
|
|
|a RBX
|
| 999 |
|
|
|c 3286992
|d 3288922
|